000 00650nam a22002057a 4500
003 0
005 20230619082520.0
008 230619b xxu||||| |||| 00| 0 eng d
020 _a978-971-630-186-1
082 _aFil. 398.209599
_b.P295 2014
245 _aAng babaeng nahulog mula sa langit at iba pang kuwentong-bayan
_cPaterno, Maria Elena
260 _aManila
_bTahanan Books for Young Readers
_cc2014
300 _a55pp.
_bill.
_c25cm.
500 _aFolklore-Philippines.
500 _aLegends-Philippines.
500 _aFolk literature
500 _aShort stories, Filipino.
504 _aIncludes bibliography.
942 _2ddc
_cBK
999 _c364996
_d364996